Normal view
MARC view
Entry Topical Term
001 - CONTROL NUMBER
- control field: 30430
003 - CONTROL NUMBER IDENTIFIER
- control field: OSt
005 - DATE AND TIME OF LATEST TRANSACTION
- control field: 20250731142244.0
008 - FIXED-LENGTH DATA ELEMENTS
- fixed length control field: 250731|| aca||aabn | a|a d
040 ## - CATALOGING SOURCE
- Original cataloging agency: OSt
- Transcribing agency: OSt
150 ## - HEADING--TOPICAL TERM
- Topical term or geographic name entry element: Short stories.
670 ## - SOURCE DATA FOUND
- Source citation: Work cat.: (OSt)29428: Riordan, Rick. 28567, Magnus Chase and the Gods of Asgard : 9 from the nine worlds /, 2018.